Ngữ Pháp tiếng Hoa đại cương
Đã lưu trong:
| Tác giả chính: | |
|---|---|
| Định dạng: | Sách |
| Được phát hành: |
Tp. Hồ Chí Minh
Trẻ
1994
|
| Những chủ đề: | |
| Các nhãn: |
Thêm thẻ
Không có thẻ, Là người đầu tiên thẻ bản ghi này!
|
| Thư viện lưu trữ: | Trung tâm Học liệu Lê Vũ Hùng, Trường Đại học Đồng Tháp |
|---|
| LEADER | 00730pam a22002298a 4500 | ||
|---|---|---|---|
| 001 | 00042540 | ||
| 005 | 20181003141034.0 | ||
| 008 | 170328s1999 ||||||Viesd | ||
| 020 | # | # | |c 15000 |
| 041 | 0 | # | |a Vie |
| 082 | 1 | 4 | |a 495.1 |b NG550PH |
| 100 | 1 | # | |a Triệu, Vĩnh Tân |e soạn |
| 245 | 0 | 0 | |c Triệu Vĩnh Tân; Phan Kỳ Nam (dịch) |a Ngữ Pháp tiếng Hoa đại cương |
| 260 | # | # | |a Tp. Hồ Chí Minh |b Trẻ |c 1994 |
| 300 | # | # | |a 155 tr. |c 19 cm. |b hình ảnh |
| 653 | # | # | |a Ngôn Ngữ |
| 653 | # | # | |a Ngữ pháp |
| 653 | # | # | |a tiếng Hoa |
| 653 | # | # | |a từ |
| 852 | # | # | |j KD.0024103 |
| 910 | |d 03/10/2018 | ||
| 980 | # | # | |a Trung tâm Học liệu Lê Vũ Hùng, Trường Đại học Đồng Tháp |